00777nam a2200157 a 450000100100000000500170001000800410002704000250006810000340009324502160012726000550034330000200039804900090041895201750042799900170060200003335720200930070213.0110825s1901 dr 000 0 spa d aDO-SdBNPbspacBNPHU1 aCastellanos, Rafael C.95401410aInforme acerca de la reforma educacional iniciada por Eugenio María de Hostos presentado al Congreso Nacional el 10 de junio de 1901 por el representante por Puerto Plata. /cPbro. Lcdo. Rafael C. Castellanos. aSanto Domingo :bImp. de García Hermanos,c1901. a54 p. ;c23 cm. aBNPD 001050718RVaPDbPDcCTd2011-08-25iLF1l0o p33357-10r2020-06-25w2020-06-25y1zPerteneció a la biblioteca personal de Carlos Larrazábal Blanco.ZNo se presta c32848d32848